Đại số tuyến tính trong kỹ thuật

Gorde:
Xehetasun bibliografikoak
Egile nagusia: Trần Văn Hãn
Formatua: Liburua
Hizkuntza:Undetermined
Argitaratua: Hà Nội KHKT 1978
Gaiak:
Etiketak: Etiketa erantsi
Etiketarik gabe, Izan zaitez lehena erregistro honi etiketa jartzen!
Thư viện lưu trữ: Trung tâm Học liệu Trường Đại học Cần Thơ
LEADER 00496nam a2200169Ia 4500
001 CTU_1195
008 210402s9999 xx 000 0 und d
082 |a 512.5 
082 |b H105 
100 |a Trần Văn Hãn 
245 0 |a Đại số tuyến tính trong kỹ thuật 
245 0 |c Trần Văn Hãn 
260 |a Hà Nội 
260 |b KHKT 
260 |c 1978 
650 |a algebras, linear,engineering mathematics 
980 |a Trung tâm Học liệu Trường Đại học Cần Thơ